000 00377cam a2200181 4500
001 D11981
008 090401t1940 xxu||||| |||| 00| 0 eng d
035 _a(Sirsi) u94031
041 _aeng
100 _aAnderson, D.
245 _aSurveyor`s Trek
260 _bFaber
_c1940
300 _a326p
350 _a0
520 _aShelf 176
942 _n0
948 _c04/03/1997
999 _c97882
_d97882